Особенности проектирования системы остановочного комплекса; Молодежь и современные информационные технологии

Dettagli Bibliografici
Parent link:Молодежь и современные информационные технологии.— 2025.— С. 718-722
Autore principale: Деньгин Д. С.
Altri autori: Давыдова Е. М. Евгения Михайловна
Riassunto:Данная статья направлена на формирование разработки проекта модульного технологичного остановочного комплекса. Будут рассмотрены причины и проблемы, побудившие на зарождения данного концепта остановки общественного транспорта. А также аргументирована актуальность и необходимость в попытке создания данного проекта. Где итогом всех аналитических и технических процессов, должна стать оценка идеи проекта и его дальнейшая реализация
Текстовый файл
Lingua:russo
Pubblicazione: 2025
Soggetti:
Accesso online:http://earchive.tpu.ru/handle/11683/132174
Natura: MixedMaterials Elettronico Capitolo di libro
KOHA link:https://koha.lib.tpu.ru/cgi-bin/koha/opac-detail.pl?biblionumber=681274

MARC

LEADER 00000naa2a2200000 4500
001 681274
005 20250916120945.0
090 |a 681274 
100 |a 20250820d2025 k||y0rusy50 ca 
101 0 |a rus 
102 |a RU 
135 |a drbn ---uucaa 
200 1 |a Особенности проектирования системы остановочного комплекса  |f Деньгин Д. С., Давыдова Е. М. 
320 |a Список использованных источников: 5 назв 
330 |a Данная статья направлена на формирование разработки проекта модульного технологичного остановочного комплекса. Будут рассмотрены причины и проблемы, побудившие на зарождения данного концепта остановки общественного транспорта. А также аргументирована актуальность и необходимость в попытке создания данного проекта. Где итогом всех аналитических и технических процессов, должна стать оценка идеи проекта и его дальнейшая реализация 
336 |a Текстовый файл 
463 1 |0 681090  |9 681090  |t Молодежь и современные информационные технологии  |o сборник трудов XXII Международной научно-практической конференции студентов, аспирантов и молодых ученых, 15–17 апреля 2025 г., Томск  |f под ред. А. С. Беляева  |c Томск  |d 2025  |n Изд-во ТПУ  |u conference_tpu-2025-C04.pdf  |v С. 718-722 
545 1 |a Цифровой дизайн 
610 1 |a электронный ресурс 
610 1 |a труды учёных ТПУ 
610 1 |a остановочный комплекс 
610 1 |a модульность 
610 1 |a концепт 
610 1 |a проектирование 
610 1 |a технологии 
610 1 |a дизайн 
700 1 |a Деньгин  |b Д. С. 
701 1 |a Давыдова  |b Е. М.  |c специалист в области инженерной графики и начертательной геометрии  |c старший преподаватель Томского политехнического университета  |f 1975-  |g Евгения Михайловна  |9 16660 
801 0 |a RU  |b 63413507  |c 20250820 
850 |a 63413507 
856 4 |u http://earchive.tpu.ru/handle/11683/132174  |z http://earchive.tpu.ru/handle/11683/132174 
942 |c CF